|
|
|
|
| LEADER |
00000cam a2200000 c 4500 |
| 001 |
1540194213 |
| 003 |
DE-627 |
| 005 |
20260122143301.0 |
| 007 |
cr uuu---uuuuu |
| 008 |
160602s1754 xx |||||o 00| ||lat c |
| 024 |
7 |
|
|a urn:nbn:de:bsz:21-dt-124955
|2 urn
|
| 024 |
7 |
|
|a VD18 1224225X
|2 vd18
|
| 035 |
|
|
|a (DE-627)1540194213
|
| 035 |
|
|
|a (DE-576)470194219
|
| 035 |
|
|
|a (DE-599)BSZ470194219
|
| 035 |
|
|
|a (OCoLC)953255315
|
| 040 |
|
|
|a DE-627
|b ger
|c DE-627
|e rda
|
| 041 |
|
|
|a lat
|
| 084 |
|
|
|a 1
|2 ssgn
|
| 245 |
0 |
0 |
|a Octiduana Spiritûs Benedictini Recollectio
|b Sive Exercitia juxta mentem Ss. Patris Benedicti Ex sacris Paginis, ac libris Sanctorum Patrum Pro usu Omnium quidem Monachorum, sed maxime sub Regula ejusdem Almi Patris militantium compilata A Monacho dicti S. Ordinis, Congregationis B. V. Mariæ sine labe conceptæ
|
| 264 |
|
1 |
|a Lucernae
|b Hautt
|c 1754
|
| 300 |
|
|
|a 8 ungezählte Blätter, 312 Seiten, 3 ungezählte Blätter
|
| 336 |
|
|
|a Text
|b txt
|2 rdacontent
|
| 337 |
|
|
|a Computermedien
|b c
|2 rdamedia
|
| 338 |
|
|
|a Online-Ressource
|b cr
|2 rdacarrier
|
| 533 |
|
|
|a Online-Ausgabe
|b Tübingen
|c Universitätsbibliothek
|d [2016]
|e 1 Online-Ressource
|f VD18 digital
|7 |2016||||||||||
|
| 535 |
1 |
|
|a UB Tübingen
|3 Gi 896
|
| 583 |
1 |
|
|a Archivierung/Langzeitarchivierung gewährleistet
|f VD18
|x XA-DE-BW
|2 pdager
|5 DE-21
|
| 583 |
1 |
|
|a Archivierung/Langzeitarchivierung gewährleistet
|f SSG
|x XA-DE-BW
|2 pdager
|5 DE-21
|
| 655 |
|
7 |
|a Ordensliteratur
|0 (DE-627)096632437
|2 local
|
| 700 |
1 |
|
|e DruckerIn
|0 (DE-588)1037592158
|0 (DE-627)756150639
|0 (DE-576)391637762
|4 prt
|a Hautt, Benedikt
|d 1696-1766
|
| 751 |
|
|
|a Luzern
|0 (DE-588)4036733-2
|0 (DE-627)106241095
|0 (DE-576)20902013X
|4 pup
|
| 776 |
0 |
8 |
|i Elektronische Reproduktion von
|t Octiduana Spiritûs Benedictini Recollectio
|d Lucernae : Hautt, 1754
|h 8 ungezählte Blätter, 312 Seiten, 3 ungezählte Blätter
|w (DE-627)1088045367
|w (DE-576)018045367
|n UB Tübingen -- Gi 896
|k Non-Electronic
|
| 850 |
|
|
|a RedVD18-DE-21
|
| 856 |
4 |
0 |
|u https://opendigi.ub.uni-tuebingen.de/opendigi/Gi896
|x Digitalisierung
|z kostenfrei
|3 Volltext
|7 0
|
| 856 |
4 |
0 |
|u https://nbn-resolving.org/urn:nbn:de:bsz:21-dt-124955
|x Resolving-System
|z kostenfrei
|3 Volltext
|7 0
|
| 912 |
|
|
|a vd18
|
| 935 |
|
|
|a mteo
|
| 935 |
|
|
|h SWB
|i ld
|
| 935 |
|
|
|i vd18
|
| 951 |
|
|
|a BO
|
| ELC |
|
|
|a 1
|
| ITA |
|
|
|a 1
|t 1
|
| LOK |
|
|
|0 000 xxxxxcx a22 zn 4500
|
| LOK |
|
|
|0 001 2926914199
|
| LOK |
|
|
|0 003 DE-627
|
| LOK |
|
|
|0 004 1540194213
|
| LOK |
|
|
|0 005 20201202110145
|
| LOK |
|
|
|0 008 160602||||||||||||||||ger|||||||
|
| LOK |
|
|
|0 040
|a DE-21
|c DE-627
|d DE-21
|
| LOK |
|
|
|0 852
|a DE-21
|
| LOK |
|
|
|0 852 1
|m n
|9 00
|
| LOK |
|
|
|0 935
|a ditu
|a dbok
|a vd18
|
| LOK |
|
|
|0 938
|k n
|
| LOK |
|
|
|0 939
|a 02-06-16
|b l01
|
| LOK |
|
|
|0 000 xxxxxcx a22 zn 4500
|
| LOK |
|
|
|0 001 4857793105
|
| LOK |
|
|
|0 003 DE-627
|
| LOK |
|
|
|0 004 1540194213
|
| LOK |
|
|
|0 005 20260122142538
|
| LOK |
|
|
|0 008 260122||||||||||||||||ger|||||||
|
| LOK |
|
|
|0 040
|a DE-Tue135
|c DE-627
|d DE-Tue135
|
| LOK |
|
|
|0 092
|o n
|
| LOK |
|
|
|0 852
|a DE-Tue135
|
| LOK |
|
|
|0 852 1
|9 00
|
| LOK |
|
|
|0 866
|x SPQUE#VD (Historische deutsche Nationalbibliographie)#SPSAM#VD18
|
| LOK |
|
|
|0 935
|a ixvd
|a ixv8
|
| LOK |
|
|
|0 939
|a 22-01-26
|b l01
|
| OAS |
|
|
|a 1
|
| ORI |
|
|
|a SA-MARC-ixtheoa001.raw
|